Kombinatorika 1 Grafy

Gespeichert in:
Bibliographische Detailangaben
1. Verfasser: Nešetřil, Jaroslav
Körperschaft: Univerzita Karlova v Praze
Format: Buch
Sprache:Tschechisch
Veröffentlicht: Praha Státní pedagogické nakladatelství 1987
Ausgabe:1. vyd.
Tags: Tag hinzufügen
Keine Tags, Fügen Sie das erste Tag hinzu!

MARC

LEADER 00000nam a2200000 4500
001 c034103
005 20221219102846.7
041 0 |a cze 
044 |a CZ 
245 1 0 |a Kombinatorika 1  |b Grafy  |c Jaroslav Nešetřil 
250 |a 1. vyd. 
264 1 |a Praha  |b Státní pedagogické nakladatelství  |c 1987 
300 |a 173 s. 
100 1 |a Nešetřil, Jaroslav 
710 2 |a Univerzita Karlova v Praze